| 000 | 01628cam a2200445 a 4500 | ||
|---|---|---|---|
| 001 | 21705 | ||
| 003 | VRT | ||
| 005 | 20260309095641.0 | ||
| 008 | 240702s1997 xo a ar 000 j slo | ||
| 015 | _aSNBA1998/04-01469 | ||
| 020 | _a8085568780 | ||
| 035 | _aSNK000267369 | ||
| 035 | _aurn:nbn:sk:snk-am3h7e5 | ||
| 035 | _a5A91B8BE-28B4-46B2-B4CC-E89033D51422 | ||
| 035 | _aurn:nbn:sk:snk-am00161k | ||
| 039 | 9 |
_a202407181116 _bmsnk123 _c202407021402 _dVLOAD _c202407021402 _dVLOAD _c202406211039 _dAUTHORITY |
|
| 040 |
_aSNK _bslo _cSNK _eAACR2 |
||
| 041 | 0 | _aslo | |
| 044 |
_axo _cSK |
||
| 072 | 7 |
_a821.162.4-3 _xSlovenská próza _2konspekt |
|
| 072 | 7 |
_a821-93 _xLiteratúra pre deti a mládež (beletria) _2konspekt |
|
| 080 |
_a885.4-3(087.5) _21981 |
||
| 080 |
_a82-34:808.1 _22011 |
||
| 080 |
_a82-93-053.4/.5 _22011 |
||
| 080 |
_a821.162.4-34 _22011 |
||
| 100 | 1 |
_aBirkenshaw, Linda _4ill |
|
| 245 | 1 | 0 |
_aBambi slávi Vianoce _c[illustrations: L. Birkenshaw ; text: Š. Moravčík] |
| 260 |
_a[Bratislava] _bEurounion _cc1997 |
||
| 300 |
_a[20] s. _bilustr. _c25 cm |
||
| 500 | _aÚdaj o ilustr. a aut. textu prevzatý z tiráže | ||
| 655 | 7 |
_aslovenské rozprávky _2SNKPH |
|
| 655 | 7 |
_aautorské rozprávky _2SNKPH |
|
| 655 | 7 |
_aliteratúra pre deti _2SNKPH |
|
| 700 | 1 |
_aMoravčík, Štefan, _d1943- _4aut |
|
| 942 |
_2ddc _cKLDE _n0 |
||
| 949 |
_617A0112730 _9P60, <03>, [BOOK], {603} _asnkSC 94700 _bsnkKSP 12559/97 _s6100:20140925 |
||
| 949 |
_617A0112731 _9P60, <04>, [BOOK], {604} _asnkSC 94700 D1 _bsnkKSP 12560/97 |
||
| 999 |
_c21705 _d21705 |
||